[Event "Morbihan-ch 1213"]
[Site "France"]
[Date "2013.04.13"]
[Round "7"]
[White "Josse, Emmanuelle"]
[Black "Richeux, Guillaume"]
[Result "1-0"]
[WhiteElo "1486"]
[BlackElo "1399"]
[PlyCount "73"]
[EventDate "2012.10.27"]
[EventType "swiss"]
[EventRounds "7"]
[EventCountry "FRA"]
[SourceTitle "EXT 2014"]
[Source "ChessBase"]
[SourceDate "2013.11.20"]
[SourceVersion "1"]
[SourceVersionDate "2013.11.20"]
[SourceQuality "1"]

1. d4 d5 2. Nf3 e6 3. Bf4 Nf6 4. e3 g6 5. Ne5 Bg7 6. c4 0-0 7. Nc3 c6 8. Be2 Nbd7 9. 0-0 Qb6 10. Rb1 c5 11. g4 cxd4 12. exd4 Qc7 13. b3 Ne4 14. Nxe4 dxe4 15. Nxd7 Qxf4 16. Nxf8 Bxf8 17. Qc1 Qf6 18. Qe3 Bd7 19. Qxe4 Bc6 20. Qe5 Qh4 21. Qg3 Qf6 22. Rbd1 Rd8 23. g5 Qf5 24. Bd3 Qa5 25. a4 Bd6 26. f4 Qc3 27. Be2 Qb2 28. Bf3 Bxf3 29. Qxf3 Bc7 30. Qxb7 Bb6 31. c5 Rxd4 32. cxb6 Rxd1 33. Rxd1 Qxb3 34. Qb8+ Kg7 35. Qe5+ Kf8 36. Rd8+ Ke7 37. Qd6# 1-0

[Event "Morbihan-ch 1213"]
[Site "France"]
[Date "2013.03.16"]
[Round "6"]
[White "Barton, June"]
[Black "Josse, Emmanuelle"]
[Result "0-1"]
[WhiteElo "1499"]
[BlackElo "1486"]
[PlyCount "116"]
[EventDate "2012.10.27"]
[EventType "swiss"]
[EventRounds "7"]
[EventCountry "FRA"]
[SourceTitle "EXT 2014"]
[Source "ChessBase"]
[SourceDate "2013.11.20"]
[SourceVersion "1"]
[SourceVersionDate "2013.11.20"]
[SourceQuality "1"]

1. e4 g6 2. d4 Bg7 3. Nc3 Nc6 4. Be3 d6 5. a3 Nf6 6. Qd2 Ng4 7. Bg5 Bxd4 8. Nh3 f6 9. Bh4 Nce5 10. Qxd4 c5 11. Qd2 Nf7 12. Be2 g5 13. Bg3 h5 14. f3 Ngh6 15. Nd5 a6 16. b4 e6 17. Ne3 e5 18. 0-0 Be6 19. Nf2 h4 20. Bxe5 Nxe5 21. h3 0-0 22. Nfg4 Nexg4 23. fxg4 Qe7 24. Rad1 Rad8 25. Bc4 Kh8 26. Qd3 Nf7 27. b5 axb5 28. Bxb5 Ne5 29. Nf5 Bxf5 30. Qd5 Be6 31. Qd2 Bc4 32. Bxc4 Nxc4 33. Qc3 Ne5 34. Rf2 Rf7 35. Qb3 c4 36. Qb6 Rd7 37. Qa7 b5 38. Qa8+ Qd8 39. Qd5 Qb6 40. Qe6 Kg7 41. Rdf1 Rde7 42. Qf5 Ng6 43. Kh2 Re5 44. Qc8 Rxe4 45. g3 hxg3+ 46. Kxg3 Re3+ 47. Kg2 Qd4 48. Qf5 Nh4+ 49. Kh2 Nxf5 50. gxf5 Qh4 51. Rg2 Rxa3 52. c3 Rxc3 53. Rfg1 b4 54. Rf1 b3 55. Rfg1 Rc2 56. Ra1 Rxg2+ 57. Kxg2 Qe4+ 58. Kf2 Qd4+ 0-1

[Event "Morbihan-ch 1213"]
[Site "France"]
[Date "2012.11.10"]
[Round "2"]
[White "Malry, Celia"]
[Black "Josse, Emmanuelle"]
[Result "1-0"]
[WhiteElo "1610"]
[BlackElo "1486"]
[PlyCount "117"]
[EventDate "2012.10.27"]
[EventType "swiss"]
[EventRounds "7"]
[EventCountry "FRA"]
[SourceTitle "EXT 2014"]
[Source "ChessBase"]
[SourceDate "2013.11.20"]
[SourceVersion "1"]
[SourceVersionDate "2013.11.20"]
[SourceQuality "1"]

1. c4 g6 2. e3 Bg7 3. g3 d6 4. Bg2 c6 5. d4 Nf6 6. Ne2 0-0 7. 0-0 d5 8. b3 Be6 9. c5 g5 10. Nbc3 Qc8 11. e4 h6 12. Qd3 Bh3 13. e5 Bxg2 14. exf6 Bxf1 15. fxg7 Kxg7 16. Kxf1 Qh3+ 17. Kg1 Nd7 18. Nd1 Nf6 19. Qf3 Qg4 20. Qxg4 Nxg4 21. Ne3 Nxe3 22. Bxe3 f5 23. Kh1 Kg6 24. Re1 Rae8 25. f4 g4 26. Nc1 Rf6 27. Nd3 Kh7 28. Ne5 Rg8 29. Bd2 Re6 30. Nd7 Rxe1+ 31. Bxe1 Rd8 32. Ne5 a6 33. Ba5 Re8 34. Kg1 Kg7 35. Kf2 h5 36. Kg2 Rh8 37. Nd3 h4 38. Bc7 h3+ 39. Kf2 Re8 40. Be5+ Kf7 41. Ke2 e6 42. Kd2 Ra8 43. Kc2 a5 44. Nb2 Ke7 45. Na4 Rc8 46. Bd6+ Kf7 47. Nb6 Rd8 48. Kc3 Ke8 49. Bc7 Rd7 50. Nxd7 Kxd7 51. Bxa5 Kc8 52. a4 Kb8 53. b4 Ka7 54. b5 cxb5 55. axb5 Kb8 56. c6 bxc6 57. bxc6 Kc8 58. Kb4 Kb8 59. Kc5 1-0

[Event "Morbihan-ch 1112"]
[Site "Morbihan"]
[Date "2011.11.19"]
[Round "2.10"]
[White "Loizil, Joel"]
[Black "Josse, Emmanuelle"]
[Result "1-0"]
[WhiteElo "1715"]
[BlackElo "1439"]
[PlyCount "101"]
[EventDate "2011.10.08"]
[EventType "swiss"]
[EventRounds "7"]
[EventCountry "FRA"]
[SourceTitle "EXT 2014"]
[Source "ChessBase"]
[SourceDate "2013.11.20"]
[SourceVersion "1"]
[SourceVersionDate "2013.11.20"]
[SourceQuality "1"]

1. e4 g6 2. d4 Bg7 3. Nf3 d6 4. Be2 Nf6 5. Qd3 Bg4 6. Be3 Nbd7 7. 0-0 Bxf3 8. Bxf3 e5 9. c3 0-0 10. Nd2 h5 11. h3 Nh7 12. Be2 h4 13. f4 f6 14. Bg4 g5 15. fxe5 fxe5 16. Nf3 Qe7 17. Bxd7 Qxd7 18. Nxg5 Bf6 19. Nf3 Qg7 20. Rad1 Rad8 21. Qe2 Qg3 22. Bf2 Qf4 23. Qe1 Ng5 24. Nxg5 Qxg5 25. Rd3 Kh7 26. Be3 Qh5 27. Rf5 Qg6 28. Qf2 Qg3 29. Rxf6 Rxf6 30. Qxf6 Qe1+ 31. Qf1 Qg3 32. Qf7+ Qg7 33. Qxg7+ Kxg7 34. dxe5 Kg6 35. exd6 cxd6 36. Bf4 b6 37. Rxd6+ Rxd6 38. Bxd6 Kf6 39. Kf2 Ke6 40. e5 b5 41. Ke3 Kf5 42. Kd4 Ke6 43. Ke4 a5 44. b3 a4 45. c4 axb3 46. axb3 bxc4 47. bxc4 Kd7 48. Kd5 Kd8 49. e6 Ke8 50. c5 Kd8 51. c6 1-0

[Event "Morbihan-ch 1011"]
[Site "Morbihan"]
[Date "2011.01.08"]
[Round "4.16"]
[White "Barton, Robin"]
[Black "Josse, Emmanuelle"]
[Result "1-0"]
[WhiteElo "1499"]
[BlackElo "1425"]
[PlyCount "95"]
[EventDate "2010.10.09"]
[EventType "swiss"]
[EventRounds "7"]
[EventCountry "FRA"]
[SourceTitle "EXT 2014"]
[Source "ChessBase"]
[SourceDate "2013.11.20"]
[SourceVersion "1"]
[SourceVersionDate "2013.11.20"]
[SourceQuality "1"]

1. e4 g6 2. d4 Bg7 3. Nc3 d6 4. f4 Nf6 5. Nf3 Bg4 6. Be2 Nbd7 7. 0-0 c5 8. d5 a6 9. a4 0-0 10. h3 Bxf3 11. Bxf3 Ne8 12. Be3 Qa5 13. Bd2 Qd8 14. Kh1 e5 15. Qc1 Qh4 16. f5 Nb6 17. Bg5 Bh6 18. Bxh6 f6 19. Bxf8 Kxf8 20. fxg6 hxg6 21. Bg4 Kg7 22. Qe1 Qg5 23. b3 c4 24. a5 Nc8 25. b4 Ne7 26. Qf2 Ng8 27. Rae1 Nh6 28. Be6 Nc7 29. Re3 Rf8 30. Rg3 Qh4 31. Rxg6+ Kxg6 32. Qxh4 Kg7 33. Bf5 Nxf5 34. Rxf5 Ne8 35. Rh5 Kf7 36. Rh7+ Kg8 37. Rh8+ Kf7 38. Qh5+ Ke7 39. Rxf8 Kxf8 40. Qh8+ Kf7 41. Na4 Ng7 42. Nb6 f5 43. exf5 e4 44. Nxc4 Nxf5 45. Qh7+ Kf6 46. Qh8+ Kg5 47. Qg8+ Kf4 48. Qg4# 1-0

[Event "Morbihan-ch 0607"]
[Site "Morbihan"]
[Date "2006.12.16"]
[Round "3"]
[White "Josse, Emmanuelle"]
[Black "Ababou, Alexandre"]
[Result "0-1"]
[WhiteElo "1390"]
[BlackElo "1780"]
[PlyCount "48"]
[EventDate "2006.10.21"]
[EventType "swiss"]
[EventRounds "7"]
[EventCountry "FRA"]
[SourceTitle "EXT 2009"]
[Source "ChessBase"]
[SourceDate "2008.11.26"]
[SourceVersion "1"]
[SourceVersionDate "2008.11.26"]
[SourceQuality "1"]

1. d4 Nf6 2. Nf3 e6 3. Bf4 d5 4. e3 c5 5. Nc3 Nh5 6. Bb5+ Nc6 7. Ne5 Nxf4 8. exf4 Qc7 9. g3 a6 10. Bxc6+ bxc6 11. 0-0 Bd6 12. Ne2 f6 13. Nf3 0-0 14. dxc5 Bxc5 15. Qd3 e5 16. fxe5 fxe5 17. Qc3 Qb6 18. Qxe5 Rxf3 19. Qe8+ Rf8 20. Qe5 Bh3 21. b4 Bxf2+ 22. Kh1 Bxf1 23. Rxf1 Qe3 24. Qh5 Qe4+ 0-1

[Event "Morbihan-ch 0607"]
[Site "Morbihan"]
[Date "2006.10.21"]
[Round "1"]
[White "Josse, Emmanuelle"]
[Black "Rivalin, Patrick"]
[Result "1-0"]
[WhiteElo "1390"]
[BlackElo "1590"]
[PlyCount "95"]
[EventDate "2006.10.21"]
[EventType "swiss"]
[EventRounds "7"]
[EventCountry "FRA"]
[SourceTitle "EXT 2009"]
[Source "ChessBase"]
[SourceDate "2008.11.26"]
[SourceVersion "1"]
[SourceVersionDate "2008.11.26"]
[SourceQuality "1"]

1. d4 d5 2. Nf3 Nf6 3. Bf4 e6 4. e3 Bd6 5. Ne5 Nbd7 6. c4 Nxe5 7. dxe5 Bb4+ 8. Nc3 Ne4 9. Qa4+ Bd7 10. Qxb4 c5 11. Qa3 Nxc3 12. Qxc3 b6 13. Be2 Bc6 14. 0-0 Qh4 15. Bg3 Qg5 16. f4 Qh6 17. Bf3 g5 18. cxd5 exd5 19. Rad1 gxf4 20. exf4 Rd8 21. Qd2 Qe6 22. Qf2 Rg8 23. Bh4 Rd7 24. Bf6 Qf5 25. Qh4 Rg6 26. Qxh7 Rxg2+ 27. Bxg2 Qxh7 28. Rf3 d4 29. Rh3 Qg8 30. Rh8 Qxh8 31. Bxh8 Bxg2 32. Kxg2 Ke7 33. Bf6+ Ke6 34. Kf3 Kf5 35. h4 d3 36. h5 Rd4 37. Bg5 c4 38. h6 Kg6 39. Ke3 Rd5 40. Ke4 Rc5 41. Kd4 Rc8 42. Kd5 Kh7 43. f5 a5 44. Re1 b5 45. e6 fxe6+ 46. fxe6 Kg6 47. Re5 Rd8+ 48. Bxd8 1-0

[Event "Hennebont Grand Prix"]
[Site "Hennebont"]
[Date "2006.08.06"]
[Round "4"]
[White "Havelka, Michele"]
[Black "Josse, Emmanuelle"]
[Result "1-0"]
[WhiteElo "1490"]
[BlackElo "1460"]
[PlyCount "81"]
[EventDate "2006.08.05"]
[EventType "swiss"]
[EventRounds "7"]
[EventCountry "FRA"]
[SourceTitle "EXT 2007"]
[Source "ChessBase"]
[SourceDate "2006.11.23"]
[SourceVersion "1"]
[SourceVersionDate "2006.11.23"]
[SourceQuality "1"]

1. e4 g6 2. d4 Bg7 3. Nf3 d6 4. Bd3 Bg4 5. Be2 Nc6 6. c3 Bxf3 7. Bxf3 e5 8. d5 Nce7 9. Qa4+ c6 10. 0-0 Nf6 11. dxc6 bxc6 12. Na3 0-0 13. Bg5 h6 14. Be3 Nc8 15. Qxc6 Ne7 16. Qa6 g5 17. Rfd1 Qc8 18. Qxd6 Nc6 19. Qc5 g4 20. Be2 Nxe4 21. Qd5 Nf6 22. Qc5 Ne4 23. Qc4 Nf6 24. Rd6 Na5 25. Qa6 Nb7 26. Rxf6 Bxf6 27. Qxf6 Qe6 28. Qxe6 fxe6 29. Bxg4 Rf6 30. Bf3 Rf7 31. Nc4 Rf5 32. Rd1 Rd8 33. Rxd8+ Nxd8 34. Bxa7 Nf7 35. a4 Ng5 36. Bc6 e4 37. Nd6 Ra5 38. Bb6 Re5 39. a5 e3 40. fxe3 Ne4 41. Nxe4 1-0

[Event "Hennebont Grand Prix"]
[Site "Hennebont"]
[Date "2006.08.06"]
[Round "5"]
[White "Josse, Emmanuelle"]
[Black "Damour, Wilhem"]
[Result "0-1"]
[WhiteElo "1460"]
[BlackElo "1499"]
[PlyCount "94"]
[EventDate "2006.08.05"]
[EventType "swiss"]
[EventRounds "7"]
[EventCountry "FRA"]
[SourceTitle "EXT 2007"]
[Source "ChessBase"]
[SourceDate "2006.11.23"]
[SourceVersion "1"]
[SourceVersionDate "2006.11.23"]
[SourceQuality "1"]

1. d4 Nf6 2. Nf3 e6 3. Bf4 d5 4. e3 c5 5. Bb5+ Bd7 6. Bxd7+ Qxd7 7. Ne5 Qd8 8. 0-0 Nc6 9. Nc3 Nxe5 10. Bxe5 Bd6 11. Bxd6 Qxd6 12. f4 0-0 13. Qe2 cxd4 14. exd4 Qb4 15. Rab1 Qxd4+ 16. Qf2 Qxf2+ 17. Rxf2 Rad8 18. Nb5 Ne4 19. Re2 a6 20. Nd4 Rc8 21. a4 Rc4 22. Nf3 Rxa4 23. Ne5 h5 24. c3 Ra2 25. Kf1 g6 26. g4 h4 27. Nf3 h3 28. Nd2 Nf6 29. g5 Ng4 30. Nf3 Ra4 31. b4 Rc8 32. Rc1 Rc4 33. Nd4 Ra3 34. Ke1 Raxc3 35. Rxc3 Rxc3 36. Kd2 Rc4 37. Nc2 Rxf4 38. Kc3 Rf2 39. Rxf2 Nxf2 40. Kd4 Ng4 41. Kc5 Nxh2 42. Kb6 Nf1 43. Kxb7 h2 44. Kxa6 h1Q 45. b5 Qe4 46. b6 Qxc2 47. b7 Qb2 0-1

[Event "Morbihan-ch 0405"]
[Site "Arradon"]
[Date "2005.04.09"]
[Round "7"]
[White "Josse, Emmanuelle"]
[Black "Bignon, Anne Tifenn"]
[Result "1/2-1/2"]
[WhiteElo "1430"]
[BlackElo "1550"]
[PlyCount "68"]
[EventDate "2004.10.10"]
[EventType "swiss"]
[EventRounds "7"]
[EventCountry "FRA"]
[SourceTitle "EXT 2007"]
[Source "ChessBase"]
[SourceDate "2006.11.23"]
[SourceVersion "1"]
[SourceVersionDate "2006.11.23"]
[SourceQuality "1"]

1. d4 d5 2. Nf3 Nf6 3. Bf4 Bf5 4. e3 e6 5. a3 Bd6 6. Ne5 Bxe5 7. Bxe5 Nc6 8. Bxf6 Qxf6 9. c4 0-0 10. cxd5 exd5 11. Nc3 Rad8 12. Be2 Qg6 13. Bf3 Bc2 14. Qd2 Be4 15. Nxe4 dxe4 16. Be2 Qxg2 17. 0-0-0 Qxf2 18. Rdf1 Qh4 19. Rf4 Qe7 20. Qc2 Rfe8 21. h4 Rd6 22. Bc4 Rf6 23. Rhf1 Rxf4 24. Rxf4 Nd8 25. d5 Qc5 26. Rxe4 Rxe4 27. Qxe4 h6 28. Qe8+ Kh7 29. Qe4+ Kg8 30. Qe8+ Qf8 31. Qa4 Qc5 32. Kd2 a6 33. Qe8+ Qf8 34. Qd7 Qd6 1/2-1/2

[Event "Morbihan-ch 0405"]
[Site "Arradon"]
[Date "2005.03.05"]
[Round "5"]
[White "Josse, Emmanuelle"]
[Black "Rivalin, Patrick"]
[Result "1-0"]
[WhiteElo "1430"]
[BlackElo "1580"]
[PlyCount "114"]
[EventDate "2004.10.10"]
[EventType "swiss"]
[EventRounds "7"]
[EventCountry "FRA"]
[SourceTitle "EXT 2007"]
[Source "ChessBase"]
[SourceDate "2006.11.23"]
[SourceVersion "1"]
[SourceVersionDate "2006.11.23"]
[SourceQuality "1"]

1. d4 d5 2. Nf3 Nf6 3. Bf4 Bf5 4. Nc3 e6 5. a3 Bd6 6. Bg5 Be7 7. Bxf6 Bxf6 8. e3 a6 9. b4 Qd6 10. b5 axb5 11. Nxb5 Qe7 12. Qc1 0-0 13. c4 c6 14. Nc3 Nd7 15. cxd5 exd5 16. Be2 Qd6 17. 0-0 Be7 18. a4 Qg6 19. Kh1 Bd6 20. g3 Nf6 21. Nh4 Be4+ 22. Nxe4 Qxe4+ 23. Bf3 Qe6 24. Rg1 g5 25. Ng2 g4 26. Be2 Ne4 27. Rf1 f5 28. Bd3 Rf6 29. Bxe4 Qxe4 30. Kg1 h5 31. Qb1 Rf7 32. Qxe4 fxe4 33. Nh4 Kg7 34. Kg2 Kh6 35. h3 Kg5 36. Ra2 b5 37. a5 Ra6 38. Rfa1 Rfa7 39. hxg4 hxg4 40. Kf1 Bb4 41. Ke2 Rxa5 42. Rxa5 Rxa5 43. Rxa5 Bxa5 44. Ng2 b4 45. Kd1 Bb6 46. Kc2 c5 47. dxc5 Bxc5 48. Kb3 Be7 49. Nf4 Kf5 50. Nxd5 Bd6 51. Nxb4 Bc7 52. Kc4 Ba5 53. Kb5 Bxb4 54. Kxb4 Ke6 55. Kc5 Ke5 56. Kc4 Ke6 57. Kd4 Kf5 1-0

[Event "Morbihan-ch 0405"]
[Site "Arradon"]
[Date "2004.11.20"]
[Round "2"]
[White "Josse, Emmanuelle"]
[Black "Blanchard, Esteban"]
[Result "1/2-1/2"]
[WhiteElo "1380"]
[BlackElo "1650"]
[PlyCount "89"]
[EventDate "2004.10.10"]
[EventType "swiss"]
[EventRounds "7"]
[EventCountry "FRA"]
[SourceTitle "EXT 2007"]
[Source "ChessBase"]
[SourceDate "2006.11.23"]
[SourceVersion "1"]
[SourceVersionDate "2006.11.23"]
[SourceQuality "1"]

1. d4 d5 2. Nf3 Nf6 3. Bf4 e6 4. e3 Be7 5. Nbd2 0-0 6. c4 c6 7. Qc2 Nbd7 8. Bd3 Re8 9. Ne5 Nf8 10. 0-0 h6 11. Bg3 Nh5 12. Be2 Nxg3 13. fxg3 f6 14. Ng6 f5 15. Bh5 Nxg6 16. Bxg6 Rf8 17. c5 b6 18. cxb6 Qxb6 19. Nf3 Ba6 20. Rf2 Rf6 21. Ne5 Qb7 22. g4 fxg4 23. Rxf6 Bxf6 24. Nxg4 Bg5 25. e4 Qb6 26. Qc3 dxe4 27. Bxe4 Rc8 28. h3 c5 29. d5 c4+ 30. Kh2 Qd6+ 31. g3 exd5 32. Rd1 Bb7 33. h4 Be7 34. Bf3 Rf8 35. Ne5 Bf6 36. Re1 Re8 37. Nxc4 Rxe1 38. Qxe1 dxc4 39. Bxb7 Qb8 40. Bd5+ Kf8 41. Qe6 Qe8 42. Qg8+ Ke7 43. Qxe8+ Kxe8 44. Bxc4 Bxb2 45. Kh3 1/2-1/2

[Event "Bretagne op-B"]
[Site "Queven"]
[Date "1999.??.??"]
[Round "3"]
[White "Blanchard, Jody"]
[Black "Josse, Emmanuelle"]
[Result "0-1"]
[WhiteElo "1440"]
[BlackElo "1260"]
[PlyCount "72"]
[EventDate "1999.06.??"]
[EventType "swiss"]
[EventRounds "7"]
[EventCountry "FRA"]
[SourceTitle "EXT 2001"]
[Source "ChessBase"]
[SourceDate "2000.11.22"]
[SourceVersion "1"]
[SourceVersionDate "2000.11.22"]
[SourceQuality "1"]

1. d4 d6 2. c4 Nf6 3. Nc3 g6 4. Nf3 Bg7 5. e4 0-0 6. Bd3 Nc6 7. a3 Bg4 8. b4 Nd7 9. Be2 e5 10. Be3 exd4 11. Nxd4 Bxe2 12. Ncxe2 Nce5 13. Qc2 Ng4 14. Bd2 Qh4 15. g3 Qf6 16. 0-0 Nde5 17. Qc3 c5 18. Nc2 Nf3+ 19. Kg2 Nxd2 20. Qxd2 Ne5 21. Qc3 h5 22. Rad1 Rad8 23. bxc5 dxc5 24. Rxd8 Rxd8 25. Nf4 h4 26. Nd5 Qe6 27. Qa5 b6 28. Qxa7 Nxc4 29. Rd1 Qxe4+ 30. Kg1 Rxd5 31. Qa8+ Kh7 32. Rxd5 Qxc2 33. Rd7 h3 34. Kf1 Nd2+ 35. Ke2 Nc4+ 36. Ke1 Bc3+ 0-1

[Event "Bretagne op-B"]
[Site "Queven"]
[Date "1999.??.??"]
[Round "4"]
[White "Josse, Emmanuelle"]
[Black "Tonal, Jean Jacques"]
[Result "1/2-1/2"]
[WhiteElo "1260"]
[BlackElo "1550"]
[PlyCount "55"]
[EventDate "1999.06.??"]
[EventType "swiss"]
[EventRounds "7"]
[EventCountry "FRA"]
[SourceTitle "EXT 2001"]
[Source "ChessBase"]
[SourceDate "2000.11.22"]
[SourceVersion "1"]
[SourceVersionDate "2000.11.22"]
[SourceQuality "1"]

1. d4 d6 2. c4 Nf6 3. Nc3 Bf5 4. e3 c6 5. Nf3 h6 6. Bd3 Bxd3 7. Qxd3 Nbd7 8. e4 e5 9. dxe5 Nxe5 10. Qe2 Nxf3+ 11. Qxf3 Be7 12. Bf4 Qa5 13. 0-0 0-0 14. Kh1 Qh5 15. Qxh5 Nxh5 16. Be3 Nf6 17. Rad1 Rfd8 18. f3 Nd7 19. f4 Nb6 20. b3 Bf6 21. Bd4 c5 22. Bxf6 gxf6 23. Rf3 a6 24. Rfd3 Nc8 25. Nd5 b5 26. Nxf6+ Kg7 27. e5 Rd7 28. Ne4 1/2-1/2

[Event "Bretagne op-B"]
[Site "Queven"]
[Date "1999.??.??"]
[Round "5"]
[White "Simon, Bernard"]
[Black "Josse, Emmanuelle"]
[Result "1/2-1/2"]
[WhiteElo "1480"]
[BlackElo "1260"]
[PlyCount "69"]
[EventDate "1999.06.??"]
[EventType "swiss"]
[EventRounds "7"]
[EventCountry "FRA"]
[SourceTitle "EXT 2001"]
[Source "ChessBase"]
[SourceDate "2000.11.22"]
[SourceVersion "1"]
[SourceVersionDate "2000.11.22"]
[SourceQuality "1"]

1. e4 d6 2. d4 Nf6 3. Nc3 g6 4. Bg5 Bg7 5. Qd2 h6 6. Bf4 Nc6 7. Bb5 Bd7 8. Nge2 e5 9. Be3 Ng4 10. d5 Nb8 11. f3 Nxe3 12. Qxe3 a6 13. Bc4 0-0 14. 0-0-0 b5 15. Bd3 b4 16. Nb1 f5 17. h4 fxe4 18. Bxe4 Bf5 19. Bxf5 gxf5 20. Nd2 a5 21. f4 Qe7 22. Rde1 Nd7 23. Qg3 Qf6 24. Nc4 e4 25. Qe3 Nc5 26. Rd1 a4 27. Nd4 a3 28. b3 Qg6 29. Rd2 Rae8 30. Rh3 Kh7 31. h5 Qf7 32. Nc6 Bc3 33. Rd1 Rg8 34. g3 Rg7 35. Rg1 1/2-1/2